000 00540nam a2200193Ia 4500
005 20250326142852.0
008 250326s9999 xx 000 0 und d
020 _a0-631-20130-0
037 _aTextbook
040 _aFMSL
_beng
_cFMSL
041 _aeng
_2eng
084 _aX:74 N9
_qFMSL
100 _aFrederick R E
_9741578
245 2 _aA companion to business ethics
_cFrederick R E
260 _aUnited Kingdom
_bUnited Kingdom, Blackwell
_c1999
300 _a463p
942 _cTB
_hX:74 N9
999 _c1297027
_d1297027